| 000 | 00920nam a2200217 a 4500 | ||
|---|---|---|---|
| 003 | 0 | ||
| 005 | 20250514152121.0 | ||
| 008 | 021108s19uu xx 00 eng d | ||
| 050 |
_aPGS HQ 755.8 _b.K22 2002 |
||
| 100 | _aKawamoto, Nampu M. | ||
| 245 |
_aParent-child relationship of grade six and fourth year high school Students /Parent-child relationship of grade six and fourth year high school Students / _cNampu M. Kawamoto. |
||
| 260 |
_aLas PiƱas City, Philippines : _bSouthville International School and Colleges, _c2002. |
||
| 300 |
_a30 pages : _billustrations ; _c28 cm. |
||
| 504 | _aIncludes bibliographical references. | ||
| 650 | _aParent and child. | ||
| 650 | _aFamily relationships. | ||
| 650 |
_aHigh school students _vFamily relationships. |
||
| 650 |
_aElementary school students _vFamily relationships. |
||
| 650 |
_aElementary school students _vFamily relationships. |
||
| 942 |
_2lcc _cPASS |
||
| 999 |
_c96630 _d96630 |
||